25000 años de medicina (Record no. 176863)

MARC details
000 -LEADER
campo de control de longitud fija 00846nam a22002415i 4500
001 - NÚMERO DE CONTROL
campo de control 176863
003 - IDENTIFICADOR DE NÚMERO DE CONTROL
campo de control ES-MaACL
005 - FECHA Y HORA DE LA ÚLTIMA TRANSACCIÓN
campo de control 20250825062633.0
008 - DATOS DE LONGITUD FIJA--INFORMACIÓN GENERAL
campo de control de longitud fija 110215s1958 sp ab |||| | spa d
080 ## - NÚMERO DE LA CLASIFICACIÓN DECIMAL UNIVERSAL
Número de la Clasificación Decimal Universal 61(091)
080 ## - NÚMERO DE LA CLASIFICACIÓN DECIMAL UNIVERSAL
Número de la Clasificación Decimal Universal 087.5
100 1# - ENTRADA PRINCIPAL--NOMBRE DE PERSONA
Nombre de persona Calder, Ritchie.
9 (RLIN) 33583
245 10 - MENCIÓN DEL TÍTULO
Título 25000 años de medicina
Resto del título : de la magia a la más moderna ciencia de curar /
Mención de responsabilidad, etc. Ritchie Calder ; traducción del inglés por Ernesto Mascaró.
260 ## - PUBLICACIÓN, DISTRIBUCIÓN, ETC.
Lugar de publicación, distribución, etc. Barcelona :
Nombre del editor, distribuidor, etc. Daimon,
Fecha de publicación, distribución, etc. 1958.
300 ## - DESCRIPCIÓN FÍSICA
Extensión 69 p. :
Otras características físicas il. col. ;
Dimensiones 33 cm.
490 1# - MENCIÓN DE SERIE
Mención de serie Enciclopedia juvenil del siglo XX ;
Designación de volumen o secuencia 6
650 04 - PUNTO DE ACCESO ADICIONAL DE MATERIA--TÉRMINO DE MATERIA
Término de materia o nombre geográfico como elemento de entrada Medicina-
Subdivisión de forma Historia
9 (RLIN) 14907
655 #7 - TERMINO DE INDIZACIÓN--GENERO/FORMA
Datos o término principal de género/forma Libros infantiles
Fuente del término tgfbne
9 (RLIN) 226786
700 1# - ENTRADA AGREGADA--NOMBRE PERSONAL
Nombre de persona Mascaró, Ernesto.
9 (RLIN) 78682
830 0# - PUNTO DE ACCESO ADICIONAL DE SERIE-TÍTULO UNIFORME
Título uniforme Enciclopedia juvenil del siglo XX ;
Designación de volumen o secuencia 6
9 (RLIN) 190275
852 ## - LOCALIZACIÓN
Ubicación ES-MaACL
Número de control de estantería E-14315
Encuadernación Olim P-1064
Holdings
Estatus retirado Estado de pérdida Estado de daño No para préstamo Biblioteca de origen Biblioteca actual Ubicación en estantería Fecha de adquisición Fuente de adquisición Total de préstamos Signatura topográfica completa Código de barras Visto por última vez Precio de reemplazo Tipo de ítem Koha
        Biblioteca del Ateneo de Madrid Biblioteca del Ateneo de Madrid Depósito 2 15/02/2011     E-14315 1185760 23/02/2023 23/02/2023 Libro impreso